| 000 | 01342cam a2200361 4500 | ||
|---|---|---|---|
| 001 | 24881 | ||
| 003 | BD-RjUL | ||
| 005 | 20211209001118.0 | ||
| 008 | 140315r19521949enk b 001 0 eng d | ||
| 035 | _a(BD-RjUL) 24950 | ||
| 040 |
_aDLC _cDLC _dDLC _dBD-RjUL _beng |
||
| 041 | 1 | _aenggre | |
| 082 | 0 | 0 |
_a935.050924 _219 _bXEP 1952 |
| 100 | 0 |
_aXenophon. _976574 |
|
| 245 | 1 | 4 |
_aThe Persian expedition / _cTranslated by Rex Warner. With an introd. and notes by George Cawkwell. |
| 260 |
_aHarmondsworth, Eng. : _bPenguin Books, _c1949 [Reprinted 1952] |
||
| 300 |
_a309 p. ; _c19 cm. |
||
| 350 | _a$2.95 (U.S.) | ||
| 490 | 0 | _aThe Penguin classics | |
| 500 | _aTranslation of Anabasis. | ||
| 504 | _aIncludes bibliographical references. and Index | ||
| 600 | 0 | 0 |
_aCyrus the Younger, _d-401 B.C. _976575 |
| 651 | 0 |
_aGreece _xHistory _yExpedition of Cyrus, 401 B.C. _976576 |
|
| 651 | 0 |
_aIran _xHistory _yTo 640. _974859 |
|
| 700 | 1 |
_aWarner, Rex, _d1905-1986, _etr. _970608 |
|
| 700 | 1 |
_aCawkwell, George, _eed. _976577 |
|
| 856 | 4 | 2 |
_3Contributor biographical information _uhttp://www.loc.gov/catdir/enhancements/fy1206/73159470-b.html |
| 856 | 4 | 1 |
_3Table of contents only _uhttp://www.loc.gov/catdir/enhancements/fy1206/73159470-t.html |
| 942 |
_2ddc _cBK |
||
| 999 |
_c24881 _d24881 |
||